000 00665cab a2200253 4500
001 ABS48935
008 090401t1993 xxu||||| |||| 00| 0 eng d
035 _a(Sirsi) u69179
041 _aeng
245 _aEstates Times survey: London Docklands
260 _c1993
350 _a0
490 _aEstates Times
_v(1198) 16 July 1993, 10-16(7)
650 _aISLE OF DOGS
650 _aLIMEHOUSE LINK
650 _aLONDON DOCKLANDS
650 _aSURREY DOCKS
650 _aTRANSPORT INFRASTRUCTURE
650 _aTRANSPORT
650 _aWAPPING
690 _aPROPERTY-COMMERCIAL PROPERTY-COMMERCIAL PROPERTY MARKET
942 _n0
948 _c04/03/1997
999 _c43458
_d43458